| 000 | 00788ntm a22002777a 4500 | ||
|---|---|---|---|
| 005 | 20260324165609.0 | ||
| 008 | 170313b2015 xxu||||| |||| 00| 0 spa d | ||
| 020 | _a9788490864456 | ||
| 041 | _aESP | ||
| 082 | _a364.155.54 V712d | ||
| 100 |
_aVillacampa Estiarte, Carolina _940976 |
||
| 245 | _aEl delito de online child grooming o propuesta sexual telemática a menores | ||
| 260 | _aEspaña | ||
| 260 | _bTirant lo blanch | ||
| 260 | _c2015 | ||
| 300 | _a216 páginas | ||
| 490 | _aInvestigación Criminal | ||
| 650 | _aABUSO INFANTIL | ||
| 650 | _aCHILD GROOMING | ||
| 650 | _aPOLÍTICA CRIMINAL | ||
| 650 | _aDELINCUENCIA SEXUAL CONTRA MENORES | ||
| 650 | _aDEPREDADORES SEXUALES | ||
| 650 | _aABUSO SEXUAL | ||
| 650 | _aDERECHO PENAL ESPAÑOL | ||
| 942 |
_cBK _2ddc |
||
| 999 |
_c9020 _d9020 |
||